[Event "XVII Festival A"]
[Site "Cesenatico ITA"]
[Date "2013.09.03"]
[Round "4"]
[White "Barlocco, Carlo"]
[Black "Drei, Andrea"]
[WhiteElo "2093"]
[BlackElo "2257"]
[Result "0-1"]
[PlyCount "92"]
[EventDate "2013.08.31"]

1. d4 Nf6 2. Nf3 c5 3. e3 g6 4. b3 Bg7 5. Bb2 cxd4 6. Nxd4 O-O 7. Be2 Nc6 8.
O-O d6 9. Bf3 Bd7 10. c4 Nxd4 11. exd4 Rb8 12. Nc3 Re8 13. Qd2 e6 14. Qf4 e5
15. dxe5 dxe5 16. Qe3 e4 17. Be2 Ng4 18. Bxg4 Bxg4 19. h3 Bd4 20. Qf4 Bh5 21.
Nd1 g5 22. Qd2 Bg7 23. Qxd8 Rbxd8 24. Bxg7 Kxg7 25. g4 Bg6 26. Ne3 h5 27. Rfd1
hxg4 28. hxg4 Kf6 29. Kg2 Ke5 30. Kg3 f5 31. gxf5 Bxf5 32. Rac1 Be6 33. c5 a6
34. Rh1 Rd2 35. c6 bxc6 36. Rc5+ Kd6 37. Ra5 Rf8 38. Nd1 Rf3+ 39. Kg2 g4 40.
Re1 g3 41. Rxe4 gxf2 42. Nxf2 Rdxf2+ 43. Kg1 Rf1+ 44. Kh2 Bd5 45. Rh4 R3f2+ 46.
Kh3 Rh1+ 0-1

[Event "XVII Festival A"]
[Site "Cesenatico ITA"]
[Date "2013.09.03"]
[Round "4"]
[White "Bartolozzi, Roberto"]
[Black "Schacher, Gerd"]
[WhiteElo "2102"]
[BlackElo "2347"]
[Result "0-1"]
[PlyCount "46"]
[EventDate "2013.08.31"]

1. d4 g6 2. Nf3 Bg7 3. Bf4 f5 4. e3 Nf6 5. Be2 d6 6. h3 O-O 7. O-O Nc6 8. c4
Ne4 9. Nc3 e5 10. Bh2 exd4 11. exd4 Ng5 12. d5 Nxf3+ 13. Bxf3 Nd4 14. Bf4 Qh4
15. Be3 Nxf3+ 16. Qxf3 f4 17. Bd2 g5 18. g4 h5 19. Qg2 hxg4 20. hxg4 Bxg4 21.
Qh2 Qxh2+ 22. Kxh2 Bf3 23. Rg1 Kf7 0-1

[Event "XVII Festival A"]
[Site "Cesenatico ITA"]
[Date "2013.09.03"]
[Round "4"]
[White "Cebalo, Miso"]
[Black "Calavalle, Giulio"]
[WhiteElo "2440"]
[BlackElo "2205"]
[Result "1-0"]
[PlyCount "73"]
[EventDate "2013.08.31"]

1. d4 d5 2. Nf3 Nf6 3. c4 c6 4. Nc3 e6 5. Bg5 h6 6. Bxf6 Qxf6 7. e3 Nd7 8. Bd3
g6 9. O-O Bg7 10. Qc2 dxc4 11. Bxc4 O-O 12. Rfe1 Kh8 13. Rad1 a6 14. a3 b5 15.
Ne4 Qe7 16. Ba2 Bb7 17. b4 a5 18. Nc5 Nxc5 19. bxc5 Qc7 20. e4 Rad8 21. e5 Bc8
22. h4 Rg8 23. h5 Bf8 24. Bb1 Be7 25. g3 Rg7 26. hxg6 fxg6 27. Kg2 Rdg8 28. Rh1
Rh7 29. Nd2 Bd8 30. Ne4 Qg7 31. Nd6 Bd7 32. Rd3 Be7 33. Rf3 Bxd6 34. cxd6 c5
35. Rf6 Bc6+ 36. f3 Rf8 37. Qxg6 1-0

[Event "XVII Festival A"]
[Site "Cesenatico ITA"]
[Date "2013.09.03"]
[Round "4"]
[White "De Santis, Alessio"]
[Black "Naumkin, Igor"]
[WhiteElo "2289"]
[BlackElo "2445"]
[Result "0-1"]
[PlyCount "70"]
[EventDate "2013.08.31"]

1. d4 Nf6 2. c4 e6 3. Nf3 b6 4. g3 Bb7 5. Bg2 Be7 6. O-O O-O 7. Nc3 Ne4 8. Nxe4
Bxe4 9. Ne1 d5 10. Qa4 c5 11. Bxe4 dxe4 12. dxc5 bxc5 13. Be3 Qc8 14. Nc2 Nc6
15. Rad1 f5 16. Qa3 Ne5 17. b3 Qc6 18. Qc1 a5 19. Na3 Nf7 20. Nb5 a4 21. Qc2
axb3 22. Qxb3 Ra6 23. Rd2 e5 24. Rfd1 f4 25. gxf4 Qg6+ 26. Kh1 Qf5 27. Rg1 exf4
28. Rd5 Ne5 29. Bxc5 Bxc5 30. Rxc5 Rh6 31. Rg2 f3 32. exf3 exf3 33. Rg3 Qe4 34.
Qc3 Ng4 35. h3 Qb1+ 0-1

[Event "XVII Festival A"]
[Site "Cesenatico ITA"]
[Date "2013.09.03"]
[Round "4"]
[White "Dittmar, Peter"]
[Black "Lucaroni, Massimiliano"]
[WhiteElo "2344"]
[BlackElo "2283"]
[Result "1-0"]
[PlyCount "53"]
[EventDate "2013.08.31"]

1. d4 d5 2. c4 e6 3. Nc3 c5 4. cxd5 exd5 5. Nf3 Nc6 6. dxc5 d4 7. Na4 b5 8.
cxb6 axb6 9. e3 Bb4+ 10. Bd2 dxe3 11. Bxb4 Qxd1+ 12. Rxd1 Rxa4 13. Bc3 Nge7 14.
Bb5 Re4 15. Ne5 exf2+ 16. Kxf2 Bb7 17. Nc4 Nc8 18. Nd6+ Nxd6 19. Rxd6 Re6 20.
Re1 O-O 21. Rexe6 fxe6+ 22. Kg1 Na7 23. Bc4 Bd5 24. Bxd5 exd5 25. Rxd5 Nc6 26.
Rd6 Rc8 27. Rd7 1-0

[Event "XVII Festival A"]
[Site "Cesenatico ITA"]
[Date "2013.09.03"]
[Round "4"]
[White "Lalic, Bogdan"]
[Black "Albano, Marco"]
[WhiteElo "2484"]
[BlackElo "2288"]
[Result "1-0"]
[PlyCount "93"]
[EventDate "2013.08.31"]

1. d4 Nf6 2. c4 e6 3. Nf3 Bb4+ 4. Bd2 a5 5. Nc3 d5 6. a3 Bxc3 7. Bxc3 O-O 8. e3
Ne4 9. Rc1 Nd7 10. Bd3 b6 11. cxd5 exd5 12. O-O Ba6 13. Bxa6 Rxa6 14. Qd3 Ra7
15. Rfd1 c5 16. dxc5 Ndxc5 17. Qb5 Qd7 18. Qxd7 Rxd7 19. Ne5 Rd6 20. Be1 f6 21.
Nf3 Nb3 22. Rc2 Rfd8 23. Nd4 Nec5 24. f3 Nxd4 25. exd4 Nd7 26. Bg3 Re6 27. Rd3
Kf8 28. Rb3 Ke8 29. Rb5 Nf8 30. Kf2 Rd7 31. Re2 Kf7 32. Rxe6 Nxe6 33. Ke3 g5
34. Rxb6 h5 35. h3 Ng7 36. Kd3 h4 37. Be1 Nh5 38. Bd2 Nf4+ 39. Bxf4 gxf4 40. a4
Rd8 41. Rb5 Ke6 42. Rxa5 Rg8 43. Ra6+ Ke7 44. a5 Rxg2 45. Rb6 Kd7 46. a6 Kc7
47. a7 1-0

[Event "XVII Festival A"]
[Site "Cesenatico ITA"]
[Date "2013.09.03"]
[Round "4"]
[White "Peric, Slavisa"]
[Black "Facchetti, Gianni"]
[WhiteElo "2197"]
[BlackElo "2095"]
[Result "1/2-1/2"]
[PlyCount "90"]
[EventDate "2013.08.31"]

1. d4 Nf6 2. Nf3 d6 3. c4 Nbd7 4. Nc3 e5 5. Bg5 Be7 6. e3 c6 7. Qc2 Qc7 8.
O-O-O a6 9. c5 dxc5 10. dxe5 Ng8 11. Ne4 Nxe5 12. Bxe7 Qxe7 13. Nd6+ Kf8 14.
Nxe5 Qxe5 15. Nc4 Qc7 16. Nd6 Be6 17. Qxc5 Ne7 18. Bc4 b6 19. Qa3 Bxc4 20. Nxc4
b5 21. Nd6 Kg8 22. Qc5 Rf8 23. Rd3 h5 24. Rhd1 Rh6 25. Ne4 Re6 26. Nd6 Nc8 27.
Nxc8 Qxc8 28. Qxh5 c5 29. Rd5 c4 30. Rc5 Qa8 31. Qd5 Qb8 32. g3 Qb6 33. e4 Ree8
34. f4 Rd8 35. Qc6 Qa5 36. a3 Rxd1+ 37. Kxd1 Qa4+ 38. Kc1 Qb3 39. Qd5 Qe3+ 40.
Kb1 Qg1+ 41. Ka2 Qxh2 42. Qg5 Qc2 43. e5 Qb3+ 44. Kb1 Qc2+ 45. Ka2 Qd1 1/2-1/2

[Event "XVII Festival A"]
[Site "Cesenatico ITA"]
[Date "2013.09.03"]
[Round "4"]
[White "Stella, Andrea"]
[Black "Valenti, Giuseppe"]
[WhiteElo "2447"]
[BlackElo "2185"]
[Result "1-0"]
[PlyCount "61"]
[EventDate "2013.08.31"]

1. Nf3 g6 2. d4 Bg7 3. g3 d6 4. Bg2 Nf6 5. c4 Nbd7 6. Nc3 O-O 7. O-O e5 8. e4
c6 9. h3 Re8 10. Re1 a5 11. b3 exd4 12. Nxd4 Nc5 13. Bf4 Nh5 14. Be3 Nf6 15.
Bf4 Nh5 16. Be3 Nf6 17. Qc2 Qc7 18. Rad1 Bd7 19. a3 Rad8 20. b4 axb4 21. axb4
Ne6 22. Na4 c5 23. Nxe6 fxe6 24. e5 Bxa4 25. Qxa4 dxe5 26. bxc5 e4 27. Qb5 Rc8
28. g4 Re7 29. Rd6 Nd7 30. Bxe4 Nxc5 31. Bxc5 1-0

[Event "XVII Festival A"]
[Site "Cesenatico ITA"]
[Date "2013.09.04"]
[Round "5"]
[White "Dittmar, Peter"]
[Black "Cebalo, Miso"]
[WhiteElo "2344"]
[BlackElo "2440"]
[Result "1-0"]
[PlyCount "111"]
[EventDate "2013.08.31"]

1. e4 c5 2. Nf3 Nc6 3. Bb5 d6 4. Bxc6+ bxc6 5. O-O e5 6. c3 Ne7 7. d4 Ng6 8.
dxe5 dxe5 9. Qxd8+ Kxd8 10. Na3 f6 11. Be3 Be6 12. Nd2 Kc7 13. Nac4 Be7 14. a3
Nf4 15. f3 Rhd8 16. g3 Nd3 17. Rfb1 g6 18. b4 Rab8 19. Na5 f5 20. Ndc4 fxe4 21.
fxe4 Bg4 22. Rf1 Rf8 23. Bh6 Rf3 24. Bg7 Re8 25. Nxe5 Nxe5 26. Bxe5+ Kb6 27.
Rxf3 Bxf3 28. Re1 Bf8 29. Kf2 Bg4 30. Bf4 Be6 31. Rd1 cxb4 32. axb4 c5 33. Bd6
Kb5 34. e5 cxb4 35. cxb4 Bxd6 36. exd6 Kxb4 37. d7 Rf8+ 38. Ke3 Kxa5 39. d8=Q+
Rxd8 40. Rxd8 h5 41. Rb8 Bf5 42. Kd4 Ka4 43. Kc5 a5 44. Ra8 Be4 45. Ra7 Bf5 46.
h4 Be4 47. Kb6 Kb4 48. Rxa5 Kc4 49. Kc7 Kd4 50. Kd6 Ke3 51. Ke5 Bb1 52. Ra3+
Kf2 53. Kf4 Kg2 54. g4 hxg4 55. Kxg4 Bf5+ 56. Kf4 1-0

[Event "XVII Festival A"]
[Site "Cesenatico ITA"]
[Date "2013.09.04"]
[Round "5"]
[White "Lucaroni, Massimiliano"]
[Black "Kljako, Damir"]
[WhiteElo "2283"]
[BlackElo "2177"]
[Result "1/2-1/2"]
[PlyCount "30"]
[EventDate "2013.08.31"]

1. e4 g6 2. d4 Bg7 3. Nc3 d6 4. f4 Nf6 5. Nf3 O-O 6. Be3 c6 7. Qd2 b5 8. a3 a6
9. O-O-O a5 10. e5 b4 11. Nb1 Nd5 12. Bd3 Ba6 13. h4 Bxd3 14. Qxd3 Qd7 15. h5
Qf5 1/2-1/2

[Event "XVII Festival A"]
[Site "Cesenatico ITA"]
[Date "2013.09.04"]
[Round "5"]
[White "Naumkin, Igor"]
[Black "Mrdja, Milan"]
[WhiteElo "2445"]
[BlackElo "2377"]
[Result "0-1"]
[PlyCount "86"]
[EventDate "2013.08.31"]

1. d4 Nf6 2. c4 e6 3. Nf3 Bb4+ 4. Nbd2 O-O 5. g3 d5 6. Qc2 Nc6 7. a3 Bxd2+ 8.
Bxd2 Ne4 9. Be3 Nd6 10. cxd5 exd5 11. Rd1 Bf5 12. Qb3 Na5 13. Qc3 Nac4 14. Bf4
Ne4 15. Qc1 c6 16. Bg2 Qa5+ 17. Kf1 Qb5 18. Nh4 Bd7 19. Qc2 Rfe8 20. Bc1 h6 21.
g4 Rac8 22. b3 Na5 23. f3 Nc3 24. Rd2 Qxb3 25. Nf5 Bxf5 26. gxf5 Qxc2 27. Rxc2
Nb5 28. f6 Nxd4 29. Rb2 b5 30. Bh3 Rcd8 31. Rg1 g6 32. Bxh6 Nc4 33. Ra2 Kh7 34.
Bc1 Rd6 35. Bg5 Ne6 36. Bc1 d4 37. Kf2 Ne3 38. Bxe6 Rdxe6 39. Rd2 c5 40. Rg5
Nf5 41. Rb2 a6 42. a4 b4 43. Rc2 b3 0-1

[Event "XVII Festival A"]
[Site "Cesenatico ITA"]
[Date "2013.09.04"]
[Round "5"]
[White "Zimina, Olga"]
[Black "Schaefer, Michael"]
[WhiteElo "2337"]
[BlackElo "2151"]
[Result "1-0"]
[PlyCount "83"]
[EventDate "2013.08.31"]

1. Nf3 c5 2. c4 Nc6 3. Nc3 g6 4. e3 Nf6 5. d4 cxd4 6. exd4 d5 7. cxd5 Nxd5 8.
Qb3 Nxc3 9. Bc4 Nd5 10. Bxd5 e6 11. Bxc6+ bxc6 12. O-O Qd5 13. Be3 Bd6 14. Bh6
Ke7 15. Qe3 f6 16. Bf4 g5 17. Bxd6+ Qxd6 18. Rac1 Bd7 19. Rfe1 Kf7 20. Rc5 Rhb8
21. Nd2 Qf4 22. Qxf4 gxf4 23. Nc4 Rg8 24. Re4 f3 25. g3 Ke7 26. Rf4 Rab8 27.
Rh5 Rg7 28. Rxf3 Rb4 29. Rc3 f5 30. Rh4 c5 31. dxc5 e5 32. a3 Rb8 33. Nxe5 Rxb2
34. Nxd7 Kxd7 35. Rb4 Rxb4 36. axb4 Kc6 37. Rc4 Rd7 38. Kg2 Kb5 39. Rf4 Rd5 40.
Kh3 a5 41. bxa5 Rxc5 42. Kh4 1-0

[Event "XVII Festival A"]
[Site "Cesenatico ITA"]
[Date "2013.09.05"]
[Round "6"]
[White "Brancaleoni, Maurizio"]
[Black "Facchetti, Gianni"]
[WhiteElo "2248"]
[BlackElo "2095"]
[Result "1/2-1/2"]
[PlyCount "73"]
[EventDate "2013.08.31"]

1. Nf3 Nf6 2. c4 d6 3. d4 Nbd7 4. Nc3 e5 5. g3 Be7 6. Bg2 c6 7. O-O O-O 8. Qc2
Qc7 9. b3 a6 10. Bb2 Rd8 11. Rfd1 exd4 12. Nxd4 Nf8 13. Nf5 Bxf5 14. Qxf5 Qd7
15. Qf3 Ng6 16. e3 Qe6 17. Qe2 Re8 18. Rd2 Red8 19. Rad1 Bf8 20. Qf1 Qe7 21.
Rd4 Qc7 22. Rc1 Qa5 23. Qd1 Rac8 24. a4 Qc7 25. h4 Be7 26. Bh3 Rb8 27. Kg2 Nf8
28. Qc2 Ne6 29. Rd2 a5 30. Ba1 Nc5 31. e4 Qb6 32. Rb1 Ne8 33. Bg4 Nc7 34. f4
N7a6 35. Bf3 Nb4 36. Qd1 Bf6 37. Kh3 1/2-1/2

[Event "XVII Festival A"]
[Site "Cesenatico ITA"]
[Date "2013.09.05"]
[Round "6"]
[White "De Santis, Alessio"]
[Black "Drei, Andrea"]
[WhiteElo "2289"]
[BlackElo "2257"]
[Result "1-0"]
[PlyCount "79"]
[EventDate "2013.08.31"]

1. Nf3 c5 2. b3 Nf6 3. Bb2 d5 4. e3 Nc6 5. c4 d4 6. exd4 cxd4 7. d3 e5 8. a3 a5
9. g3 Bc5 10. Bg2 O-O 11. O-O h6 12. Nbd2 Bf5 13. Qe2 Qd6 14. Nh4 Bh7 15. g4
Rae8 16. Nf5 Qd7 17. Ne4 Nxe4 18. Bxe4 h5 19. Kh1 g6 20. Rg1 Kh8 21. Nh4 Qe7
22. g5 Nd8 23. Bc1 Ne6 24. Qf3 b6 25. Qg3 Bd6 26. b4 Nf4 27. Bxf4 exf4 28. Qf3
axb4 29. axb4 Qe5 30. b5 Be7 31. Qg2 Bc5 32. Nf3 Qe7 33. Ra6 Rd8 34. Qh3 Rd7
35. Qh4 Qd6 36. Ne1 Qc7 37. Ng2 Bd6 38. Qh3 Re7 39. Qf3 Qb8 40. Ra8 1-0

[Event "XVII Festival A"]
[Site "Cesenatico ITA"]
[Date "2013.09.05"]
[Round "6"]
[White "Di Trapani, Davide"]
[Black "Lucaroni, Massimiliano"]
[WhiteElo "2130"]
[BlackElo "2283"]
[Result "1-0"]
[PlyCount "89"]
[EventDate "2013.08.31"]

1. e4 e5 2. Nf3 Nc6 3. d4 exd4 4. Nxd4 Nf6 5. Nxc6 bxc6 6. e5 Qe7 7. Qe2 Nd5 8.
c4 Ba6 9. Nd2 g6 10. Nf3 Qb4+ 11. Kd1 Nb6 12. b3 Bg7 13. Kc2 O-O 14. Qd2 Qxd2+
15. Bxd2 d5 16. cxd5 Bxf1 17. Rhxf1 cxd5 18. Rad1 c5 19. Rfe1 Rfe8 20. Ba5 d4
21. Kd3 Re6 22. Rc1 Nd7 23. Bc7 Rc8 24. Bd6 f6 25. Nxd4 Nxe5+ 26. Bxe5 Rxe5 27.
Rxe5 fxe5 28. Ne6 Rc6 29. Nxg7 Kxg7 30. Kc4 Kf6 31. Rd1 Ke6 32. Rd5 Rd6 33.
Rxd6+ Kxd6 34. Kb5 e4 35. a4 Kd5 36. a5 Kd4 37. Kc6 c4 38. bxc4 Kxc4 39. a6 Kd3
40. Kd5 g5 41. g4 h6 42. Ke5 e3 43. fxe3 Kxe3 44. Kd5 Kf4 45. h3 1-0

[Event "XVII Festival A"]
[Site "Cesenatico ITA"]
[Date "2013.09.05"]
[Round "6"]
[White "Gori, Andrea"]
[Black "Calavalle, Giulio"]
[WhiteElo "2076"]
[BlackElo "2205"]
[Result "1/2-1/2"]
[PlyCount "121"]
[EventDate "2013.08.31"]

1. e4 c5 2. f4 d6 3. Nf3 g6 4. Nc3 Bg7 5. Bb5+ Bd7 6. O-O Bxb5 7. Nxb5 Nc6 8.
c4 Nh6 9. Ng5 a6 10. Nc3 Nd4 11. d3 e6 12. Ne2 Qd7 13. Rb1 f6 14. Nxd4 cxd4 15.
Nf3 f5 16. Qe2 O-O 17. e5 Nf7 18. exd6 Qxd6 19. Re1 Rae8 20. Ne5 Nd8 21. b4 b5
22. a4 bxa4 23. b5 axb5 24. Qa2 b4 25. Qxa4 Bxe5 26. fxe5 Qc6 27. Qxb4 f4 28.
Re4 f3 29. Bg5 Rf7 30. Bxd8 Rxd8 31. Qb6 Qa8 32. g3 f2+ 33. Kf1 Rdf8 34. Qxd4
Rd8 35. Qe3 Qa4 36. d4 Qxc4+ 37. Qe2 Qc6 38. Rd1 Qd5 39. h4 Ra8 40. Rf4 Ra2 41.
Qe4 Qxe4 42. Rxe4 Rf3 43. Rg4 Kg7 44. h5 Kh6 45. hxg6 hxg6 46. Rf4 Rxg3 47.
Rxf2 Rxf2+ 48. Kxf2 Ra3 49. d5 exd5 50. Rxd5 Kg5 51. Rd2 Ra6 52. Rd6 Ra5 53. e6
Re5 54. Kf3 Kf5 55. Ra6 g5 56. Rb6 g4+ 57. Kg3 Kg5 58. Ra6 Re3+ 59. Kf2 Re4 60.
Kg3 Re5 61. Rb6 1/2-1/2

[Event "XVII Festival A"]
[Site "Cesenatico ITA"]
[Date "2013.09.05"]
[Round "6"]
[White "Lalic, Bogdan"]
[Black "Schacher, Gerd"]
[WhiteElo "2484"]
[BlackElo "2347"]
[Result "1/2-1/2"]
[PlyCount "87"]
[EventDate "2013.08.31"]

1. d4 g6 2. c4 Bg7 3. Nf3 f5 4. g3 Nf6 5. Bg2 O-O 6. Nc3 d6 7. O-O Qe8 8. Re1
Qf7 9. e4 fxe4 10. Nxe4 Qxc4 11. Nxf6+ exf6 12. Re7 Na6 13. Bf4 Kh8 14. b3 Qb4
15. a3 Qb6 16. d5 Bg4 17. Be3 Qb5 18. h3 Bxf3 19. Bxf3 Rae8 20. Be2 Qxe2 21.
Qxe2 Rxe7 22. Qb5 f5 23. Rc1 Nc5 24. Bxc5 dxc5 25. Qxb7 Be5 26. Rxc5 Bd6 27.
Rc2 f4 28. gxf4 Rxf4 29. Qxa7 Rf3 30. Qb8+ Kg7 31. Kg2 Rf5 32. Qb5 Rg5+ 33. Kf1
Bh2 34. f3 Rg1+ 35. Kf2 Ree1 36. Re2 Ref1+ 37. Ke3 Bd6 38. a4 Rc1 39. Ke4 Rg5
40. f4 Rf5 41. Rf2 Re1+ 42. Kd3 Rd1+ 43. Ke4 Re1+ 44. Kd3 1/2-1/2

[Event "XVII Festival A"]
[Site "Cesenatico ITA"]
[Date "2013.09.05"]
[Round "6"]
[White "Mrdja, Milan"]
[Black "Dittmar, Peter"]
[WhiteElo "2377"]
[BlackElo "2344"]
[Result "1-0"]
[PlyCount "81"]
[EventDate "2013.08.31"]

1. e4 c6 2. d4 d5 3. Nc3 dxe4 4. Nxe4 Bf5 5. Ng3 Bg6 6. Nf3 Nd7 7. h4 h6 8. h5
Bh7 9. Bd3 Bxd3 10. Qxd3 e6 11. Bf4 Qa5+ 12. Bd2 Qc7 13. O-O-O Ngf6 14. Qe2
O-O-O 15. Ne5 Nb6 16. Ba5 Rd5 17. Bxb6 axb6 18. c4 Ra5 19. Kb1 Bd6 20. f4 Rd8
21. Ne4 Nxe4 22. Qxe4 Qe7 23. g4 Kc7 24. b3 Rda8 25. Rh2 Rd8 26. Rf2 Qh4 27.
Rdf1 f5 28. gxf5 Bxe5 29. dxe5 Rd1+ 30. Rxd1 Qxf2 31. a4 exf5 32. Qxf5 Kb8 33.
Qe4 Qg3 34. Kc2 Ka7 35. Rd2 Ka6 36. Kb2 Ka7 37. Re2 Qg4 38. e6 Rxh5 39. e7 Qg1
40. Qe3 Rh2 41. e8=Q 1-0

[Event "XVII Festival A"]
[Site "Cesenatico ITA"]
[Date "2013.09.05"]
[Round "6"]
[White "Stella, Andrea"]
[Black "Naumkin, Igor"]
[WhiteElo "2447"]
[BlackElo "2445"]
[Result "1-0"]
[PlyCount "67"]
[EventDate "2013.08.31"]

1. e4 e5 2. Nf3 Nc6 3. Bc4 Bc5 4. c3 Nf6 5. d3 d6 6. Bb3 O-O 7. O-O a6 8. Re1
Ba7 9. h3 Ne7 10. Nbd2 Ng6 11. Nf1 h6 12. Be3 Re8 13. Bxa7 Rxa7 14. Ne3 Ra8 15.
Kh2 Be6 16. Bxe6 Rxe6 17. Qb3 Rb8 18. Rad1 c6 19. c4 Re8 20. Nf5 Nf4 21. d4 Qc7
22. g3 Ng6 23. d5 c5 24. Nd2 b5 25. Qc2 Rb7 26. Rf1 bxc4 27. Nxc4 Rd8 28. f4
Qb8 29. b3 Nh7 30. Na5 Rc7 31. Nc6 Rxc6 32. dxc6 Qc7 33. Qc4 Qxc6 34. fxe5 1-0

[Event "XVII Festival A"]
[Site "Cesenatico ITA"]
[Date "2013.09.06"]
[Round "7"]
[White "Bartolozzi, Roberto"]
[Black "Cebalo, Miso"]
[WhiteElo "2102"]
[BlackElo "2440"]
[Result "0-1"]
[PlyCount "72"]
[EventDate "2013.08.31"]

1. d4 Nf6 2. Nf3 c5 3. e3 g6 4. c4 Bg7 5. Nc3 O-O 6. Be2 cxd4 7. exd4 d5 8. O-O
dxc4 9. Bxc4 Bg4 10. Be3 Nc6 11. Be2 Nd5 12. h3 Bxf3 13. Bxf3 Nxe3 14. fxe3 Rc8
15. Qe2 e6 16. Rac1 Qe7 17. Rfd1 Rfd8 18. Bxc6 Rxc6 19. Ne4 Rxc1 20. Rxc1 e5
21. dxe5 Qxe5 22. Nf2 h5 23. Rd1 Re8 24. e4 Re7 25. Rd8+ Kh7 26. b3 f5 27. Qc4
fxe4 28. Qg8+ Kh6 29. Rd5 Qf4 30. g4 Re5 31. Rd7 e3 32. Qxg7+ Kg5 33. Nd3 Qg3+
34. Kh1 Qxh3+ 35. Kg1 Qg3+ 36. Kh1 e2 0-1

[Event "XVII Festival A"]
[Site "Cesenatico ITA"]
[Date "2013.09.06"]
[Round "7"]
[White "Dittmar, Peter"]
[Black "Lalic, Bogdan"]
[WhiteElo "2344"]
[BlackElo "2484"]
[Result "0-1"]
[PlyCount "114"]
[EventDate "2013.08.31"]

1. d4 Nf6 2. c4 g6 3. Nc3 d5 4. Nf3 Bg7 5. Bg5 dxc4 6. e3 Be6 7. Nd2 c5 8. dxc5
Nd5 9. Na4 c3 10. bxc3 Nxc3 11. Nxc3 Bxc3 12. Bb5+ Nc6 13. Rc1 Qa5 14. Bxc6+
bxc6 15. Qc2 Bg7 16. O-O Qxa2 17. Qe4 Qd5 18. Qa4 O-O 19. Nf3 f6 20. Bf4 Qd7
21. Rfd1 Qc8 22. h3 Bf7 23. Bg3 Re8 24. e4 e5 25. Nd2 Bf8 26. Nc4 Bxc4 27.
Qxc4+ Kg7 28. Ra1 a5 29. Ra4 Rd8 30. Rda1 Rd4 31. Qc3 Rxa4 32. Rxa4 Qb7 33. f4
exf4 34. Bxf4 Qb5 35. Rc4 a4 36. e5 a3 37. exf6+ Kf7 38. Qd3 Ra7 39. Kh2 a2 40.
Be5 Qb1 41. Rc2 Qb5 42. Qxb5 cxb5 43. c6 Bd6 44. Bxd6 a1=Q 45. c7 Ra8 46. c8=Q
Rxc8 47. Rxc8 Kxf6 48. Rb8 Qd4 49. Rxb5 Qxd6+ 50. Kh1 h5 51. Rb1 g5 52. Rf1+
Kg6 53. Kg1 g4 54. hxg4 hxg4 55. Rb1 Qc5+ 56. Kh1 Qh5+ 57. Kg1 g3 0-1

[Event "XVII Festival A"]
[Site "Cesenatico ITA"]
[Date "2013.09.06"]
[Round "7"]
[White "Facchetti, Gianni"]
[Black "Xia, Jie"]
[WhiteElo "2095"]
[BlackElo "2287"]
[Result "0-1"]
[PlyCount "80"]
[EventDate "2013.08.31"]

1. e4 c5 2. Nf3 d6 3. d4 cxd4 4. Qxd4 a6 5. Be3 Nf6 6. Nc3 Nbd7 7. Qd2 g6 8.
Bd3 Bg7 9. O-O O-O 10. h3 Qc7 11. Bh6 b5 12. a3 Bb7 13. Bxg7 Kxg7 14. Rfe1 Ne5
15. Nxe5 dxe5 16. Qe3 Rfd8 17. Ne2 Nh5 18. g3 Rac8 19. Nc3 e6 20. Be2 Nf6 21.
Rad1 Qc6 22. Rxd8 Rxd8 23. Bd3 Nd7 24. Kh2 Nc5 25. Re2 Rd4 26. f3 Qd6 27. Rd2
Qc7 28. Rf2 Rd8 29. h4 h5 30. Bf1 Qd6 31. Bg2 Qd4 32. Qe1 b4 33. axb4 Qxb4 34.
b3 a5 35. Qa1 Ba6 36. Kg1 Rc8 37. Na4 Nxa4 38. Qxa4 Qe1+ 39. Bf1 Bxf1 40. Rxf1
Qxg3+ 0-1

[Event "XVII Festival A"]
[Site "Cesenatico ITA"]
[Date "2013.09.06"]
[Round "7"]
[White "Naumkin, Igor"]
[Black "Schaefer, Michael"]
[WhiteElo "2445"]
[BlackElo "2151"]
[Result "1-0"]
[PlyCount "83"]
[EventDate "2013.08.31"]

1. d4 Nf6 2. c4 e6 3. Nf3 d5 4. Bg5 Be7 5. e3 h6 6. Bh4 O-O 7. Bd3 dxc4 8. Bxc4
c5 9. O-O a6 10. a4 Nc6 11. Nc3 cxd4 12. exd4 Nd5 13. Bxd5 Bxh4 14. Bxc6 bxc6
15. Ne4 Be7 16. Ne5 Qd5 17. Re1 c5 18. Nxc5 Bxc5 19. dxc5 Qxc5 20. Ra3 Bb7 21.
Nd7 Qc6 22. Rg3 Rfd8 23. Qg4 g6 24. Ne5 Qe8 25. h4 Rd5 26. Nxg6 h5 27. Ne7+ Kf8
28. Qb4 Qxe7 29. Rg8+ Kxg8 30. Qxe7 Bc6 31. b3 Rf5 32. Qd6 Bd5 33. Re5 Rxe5 34.
Qxe5 Rc8 35. Qg5+ Kf8 36. Qxh5 Rc1+ 37. Kh2 Rb1 38. Qe5 Rxb3 39. h5 f5 40. h6
Rb7 41. Qh8+ Kf7 42. Qg7+ 1-0

[Event "XVII Festival A"]
[Site "Cesenatico ITA"]
[Date "2013.09.06"]
[Round "7"]
[White "Roeder, Matthias"]
[Black "Stella, Andrea"]
[WhiteElo "2412"]
[BlackElo "2447"]
[Result "1/2-1/2"]
[PlyCount "45"]
[EventDate "2013.08.31"]

1. d4 Nf6 2. Nf3 g6 3. Bf4 Bg7 4. e3 O-O 5. Be2 d6 6. h3 c5 7. O-O Nbd7 8. Nbd2
b6 9. c3 Bb7 10. Bh2 Qc7 11. a4 a6 12. Bd3 e5 13. dxe5 Nxe5 14. Bxe5 dxe5 15.
e4 c4 16. Bxc4 Nxe4 17. Nxe4 Bxe4 18. Qe2 Bb7 19. Rfd1 e4 20. Nh2 Kh8 21. Bd5
f5 22. Nf1 Rad8 23. Bxb7 1/2-1/2

[Event "XVII Festival A"]
[Site "Cesenatico ITA"]
[Date "2013.09.06"]
[Round "7"]
[White "Schacher, Gerd"]
[Black "Albano, Marco"]
[WhiteElo "2347"]
[BlackElo "2288"]
[Result "1-0"]
[PlyCount "73"]
[EventDate "2013.08.31"]

1. Nf3 c5 2. g3 Nc6 3. c4 g6 4. Bg2 Bg7 5. Nc3 d6 6. a3 Bf5 7. d3 Qc8 8. Nd5
Nf6 9. e4 Bg4 10. Ne3 Bh3 11. O-O O-O 12. Bxh3 Qxh3 13. Ng5 Qd7 14. f4 h6 15.
Nf3 Rab8 16. a4 a6 17. f5 b5 18. axb5 axb5 19. Nd5 Nxd5 20. cxd5 Nb4 21. Nh4
Kh7 22. Qg4 Qe8 23. Ra3 g5 24. f6 exf6 25. Nf5 Qe5 26. Rb3 Rg8 27. d4 Qe8 28.
Nxd6 Qe7 29. dxc5 Nc2 30. Qd1 Na1 31. Ra3 Ra8 32. Rxa8 Rxa8 33. Qd3 Kg8 34. Be3
Ra4 35. b4 Ra2 36. Nf5 Qb7 37. c6 1-0

[Event "XVII Festival A"]
[Site "Cesenatico ITA"]
[Date "2013.09.06"]
[Round "7"]
[White "Zimina, Olga"]
[Black "Mrdja, Milan"]
[WhiteElo "2337"]
[BlackElo "2377"]
[Result "1-0"]
[PlyCount "71"]
[EventDate "2013.08.31"]

1. Nf3 Nf6 2. c4 e6 3. g3 d5 4. Bg2 Be7 5. O-O O-O 6. d4 c6 7. Nc3 b6 8. Ne5
Bb7 9. e4 dxc4 10. Nxc4 Ba6 11. b3 b5 12. Ne5 b4 13. Ne2 Bb5 14. Qc2 Nfd7 15.
Nc4 Nb6 16. Rd1 N8d7 17. Bf4 g5 18. Be3 Rc8 19. a3 c5 20. dxc5 Bxc5 21. Bxc5
Rxc5 22. axb4 Rc7 23. Nd4 a6 24. Qe2 Nxc4 25. Nxb5 axb5 26. bxc4 bxc4 27. Rac1
c3 28. e5 Qe7 29. Rd4 Rb8 30. Qe3 c2 31. h4 Rb5 32. Re4 Kh8 33. hxg5 Rxb4 34.
Qa3 Qxg5 35. Rxb4 Qxe5 36. Qb2 1-0

[Event "XVII Festival A"]
[Site "Cesenatico ITA"]
[Date "2013.09.07"]
[Round "8"]
[White "Barlocco, Carlo"]
[Black "Dittmar, Peter"]
[WhiteElo "2093"]
[BlackElo "2344"]
[Result "1/2-1/2"]
[PlyCount "96"]
[EventDate "2013.08.31"]

1. d4 Nf6 2. Nf3 e6 3. c4 d5 4. e3 Be7 5. Nc3 O-O 6. Be2 dxc4 7. Bxc4 c5 8. O-O
a6 9. dxc5 Bxc5 10. a3 Qc7 11. Qe2 b5 12. Ba2 Bb7 13. Bd2 Ng4 14. e4 Nc6 15. g3
Rad8 16. Rac1 Qd6 17. Bf4 Qd3 18. h3 Nf6 19. Qxd3 Rxd3 20. Kg2 Bb6 21. Bb1 Rd7
22. Rfd1 Rfd8 23. Rxd7 Rxd7 24. Rd1 Rxd1 25. Nxd1 Na5 26. Nc3 Nc4 27. Bc1 Nd7
28. Nd2 Nd6 29. Kf1 Kf8 30. Ke2 Ke7 31. Nb3 Nc4 32. Nd2 Nxd2 33. Bxd2 Bd4 34.
Be3 Bxe3 35. Kxe3 e5 36. Ba2 Nb6 37. Kd3 f6 38. Bg8 h6 39. Ba2 Bc8 40. h4 Be6
41. Bxe6 Kxe6 42. b3 Nd7 43. f3 Kd6 44. Nd5 Nc5+ 45. Kc2 Ne6 46. Kc3 Nd4 47.
Ne3 h5 48. Nf5+ Nxf5 1/2-1/2

[Event "XVII Festival A"]
[Site "Cesenatico ITA"]
[Date "2013.09.07"]
[Round "8"]
[White "Cebalo, Miso"]
[Black "Valenti, Giuseppe"]
[WhiteElo "2440"]
[BlackElo "2185"]
[Result "1-0"]
[PlyCount "66"]
[EventDate "2013.08.31"]

1. d4 Nf6 2. c4 e6 3. Nc3 Bb4 4. a3 Bxc3+ 5. bxc3 d6 6. e3 Nc6 7. Bd3 e5 8. f3
b6 9. Ne2 O-O 10. Ng3 Re8 11. O-O Na5 12. Rb1 Ba6 13. Qe2 Nc6 14. Bb2 Ne7 15.
e4 Ng6 16. Bc1 c5 17. Rd1 Bc8 18. Bc2 Qe7 19. Ba4 Rd8 20. Bc6 Rb8 21. dxc5 dxc5
22. Bd5 h6 23. Be3 Nf4 24. Qf2 g5 25. Bxc5 Qc7 26. Be3 N6xd5 27. cxd5 Rd6 28.
Qd2 Bd7 29. Rdc1 b5 30. c4 bxc4 31. Rxb8+ Qxb8 32. Rxc4 Rg6 33. Qb4 Qd8 1-0